Statystyki dla Państwa w większości muzułmańskie

Kliknij tutaj aby rozwiązać quiz!

Ogólne statystyki

  • Ten quiz został rozwiązany 171 razy
  • Średni wynik to 37 z 48

Statystyki odpowiedzi

%Państwo% Poprawnych
99.2Turcja
94%
99.4Iran
93%
97.1Arabia saudyjska
92%
95.7Irak
92%
92.4Egipt
91%
96.5Pakistan
90%
99.1Jemen
89%
85.9Oman
88%
99.7Afganistan
87%
99Maroko
87%
93Syria
87%
97Libia
84%
98.3Niger
84%
98.0Tadżykistan
84%
76Zjednoczone emiraty arabskie
84%
74.6Kuwejt
83%
99.8Tunezja
83%
97Sudan
82%
93.3Turkmenistan
82%
99Algieria
81%
77.5Katar
81%
≈ 50Nigeria
81%
96.5Uzbekistan
81%
87.2Indonezja
79%
57.7Liban
79%
95Mali
78%
96.9Azerbejdżan
77%
73.7Bahrajn
77%
58Czad
77%
97.2Jordania
77%
90Kirgistan
77%
99.8Somalia
77%
> 99.9Mauretania
74%
70.2Kazachstan
70%
58.8Albania
68%
61.3Malezja
68%
96.1Senegal
68%
90.4Bangladesz
66%
97Dżibuti
66%
95.7Gambia
61%
89.1Gwinea
61%
50.6Bosnia i hercegowina
59%
95.6Kosowo
58%
61.5Burkina Faso
55%
98.4Malediwy
54%
77.5Sierra Leone
48%
78.8Brunei
47%
98.3Komory
47%

Rozkład punktacji

Percentyl według liczby udzielonych odpowiedzi

Procent ludzi z każdym wynikiem

Twoja historia wyników

Nie rozwiązałeś tego quizu